| 000 | 01049nam a22002537i 4500 | ||
|---|---|---|---|
| 003 | DO-SdBNP | ||
| 005 | 20240215085342.0 | ||
| 007 | ta | ||
| 008 | 240117b1917 dr ||||| |||| 00| 0 spa d | ||
| 040 |
_aDO-SdBNP _bspa _cBNPHU _erda |
||
| 100 | 1 |
_aRodríguez Castro, Domingo A. _eautor _984797 |
|
| 110 | 2 |
_aUniversidad Central de Santo Domingo : _bFacultad de Farmacia y Ciencias Químicas _984798 |
|
| 245 | 1 | 0 |
_a¿Existe algún signo para el conocimiento de la toxicidad de los hongos agaricáceos? / _cDomingo A. Rodríguez Castro. |
| 264 |
_aSanto Domingo : _bTipografía El Progreso Emiliano, _c1917. |
||
| 300 |
_a19, [4] páginas ; _c25 cm. |
||
| 336 |
_2rdacontent _atexto _btxt |
||
| 337 |
_2rdamedia _asin mediación _bn |
||
| 338 |
_2rdacarrier _avolumen _bnc |
||
| 500 | _aTesis para el Doctorado en Farmacia y Ciencias Químicas. Licenciado en Farmacia | ||
| 504 | _aBibliografía : p. [23] | ||
| 590 | _aPerteneció a la biblioteca personal de Carlos Larrazábal Blanco. | ||
| 590 | _aInventariado, 2024 /LP | ||
| 942 |
_2ddc _cLF2 |
||
| 999 |
_c55717 _d55717 |
||